Microsoft office project 2003 inside out (Record no. 5680)

MARC details
000 -LEADER
fixed length control field 00543nam a2200157Ia 4500
003 - CONTROL NUMBER IDENTIFIER
control field SGT
020 ## - INTERNATIONAL STANDARD BOOK NUMBER
International Standard Book Number 9788120325432
082 ## - DEWEY DECIMAL CLASSIFICATION NUMBER
Classification number 658.404
Item number STO
100 ## - MAIN ENTRY--PERSONAL NAME
Personal name Stover, Teresa S.
245 ## - TITLE STATEMENT
Title Microsoft office project 2003 inside out
260 ## - PUBLICATION, DISTRIBUTION, ETC. (IMPRINT)
Name of publisher, distributor, etc PHI Learning Private Limited
Place of publication, distribution, etc New Delhi
Year of Publication 2006
300 ## - PAGE DESCRIPTION
No. of Pages 1048p.
650 ## - SUBJECT ADDED ENTRY--TOPICAL TERM
Topical term or geographic name as entry element PROJECT MANAGEMENT
653 ## - KEYWORDS--INDEX TERM
Keyword term PROJECT FUNDAMENTAL, DEVELOPING THE PROJECT PLAN, TRACKING PROGRESS, REPORTING AND ANALYSIS, MANAGING MULTIPLE PROJECTS, PROGRAMMING CUSTOM SOLUTIONS, APPENDIXES
942 ## - ADDED ENTRY ELEMENTS (KOHA)
Source of classification or shelving scheme Dewey Decimal Classification
Koha item type Books
Holdings
Withdrawn status Lost status Source of classification or shelving scheme Damaged status Use restrictions Not for loan Collection code Home library Current library Shelving location Date acquired SGTU Full call number Accession No. (Barcode) Date last seen Bill Date Koha item type
    Dewey Decimal Classification   Restricted Access Not For Loan ENGINEERING SGT Engineering Library SGT Engineering Library Reference Book 17/09/2013 SGTU 658.404 STO FE6250 09/02/2015 09/02/2015 Books